| 000 | 00841nam a2200277Ia 4500 | ||
|---|---|---|---|
| 003 | GCL | ||
| 008 | 140319s9999 xx 000 0 ara d | ||
| 040 |
_aGCL / _cGCL |
||
| 082 | 0 | 4 |
_a939.44 _bم م |
| 100 | 1 | _aمحمد ابوالمحاسن عصفور | |
| 245 | 1 | 0 |
_aالمدن الفينيقية / _cمحمد ابوالمحاسن عصفور |
| 260 |
_a[S.N] : _bدار النهضة العربية ، _c1981 |
||
| 300 | _a201 ص | ||
| 490 | _a | ||
| 650 | 0 | 4 | _aتاريخ |
| 650 | 0 | 4 | _aالكتابة |
| 650 | 0 | 4 | _aالفينيقيون |
| 650 | 0 | 4 | _aلبنان القديم |
| 650 | 0 | 4 | _aسوريا القديمة |
| 650 | 0 | 4 | _aالامبراطورية الرومانية |
| 650 | 0 | 4 | _aالمدن العربية |
| 650 | 0 | 4 | _aاوجاريت |
| 650 | 0 | 4 | _aرظاس شمرة |
| 650 | 0 | 4 | _aرأس شمرة |
| 942 |
_2ddc _cBK |
||
| 999 |
_c37164 _d37164 |
||